• 首页
  • 本馆介绍
  • 公告通知
  • 最新文献
  • 馆藏检索
  • 电子资源
  • 读者导购
  • 参考咨询
  • 我的图书馆
  • 登录
  • 详细信息显示
  • 放入我的书架
  • 预约/预借图书
  • 作者相关作品
  • 分类相关作品
  • 丛书相关作品
  • 出版社相关作品

书目信息

  • 表格格式
  • 工作单格式
  • 卡片格式
题名:
危险化学品事故案例
    
 
作者: ;中国安全生产科学研究院 编
分册:  
出版信息: 北京   化学工业出版社  2005
页数: 293页
开本: 24cm
丛书名: 危险化学品安全丛书
单 册:
中图分类: TQ086.5
科图分类:
主题词: 化工产品--危险物品管理--事故--案例--中国 , 化工产品 , 危险物品管理 , 事故
电子资源:
ISBN: 7-5025-6830-1
000 01057oam2 2200289 450
001 012007092945
005 20070522170915.32
010    @a7-5025-6830-1@dCNY35.00
100    @a20070515d2005 km y0chiy0120 ea
101 0  @achi
102    @aCN@b110000
105    @ay z 000yy
106    @ar
200 1  @a危险化学品事故案例@Awei xian hua xue pin shi gu an li@f中国安全生产科学研究院编@Fzhong guo an quan sheng chan ke xue yan jiu yuan bian
210    @a北京@c化学工业出版社@d2005
215    @a293页@d24cm
225 2  @a危险化学品安全丛书
330    @a本书选编了近二十年来国内外不同类型的危险化学品事故典型案例,进行分类整理,按生产使用事故、储存事故、中毒窒息事故、运输事故、其他事故、国外事故汇编成册。
461  0 @12001 @a危险化学品安全丛书
606 0  @a化工产品@x危险物品管理@x事故@x案例@y中国
606 0  @a化工产品
606 0  @a危险物品管理
606 0  @a事故
690    @aTQ086.5@v4
711 02 @a中国安全生产科学研究院@Azhong guo an quan sheng chan ke xue yan jiu yuan@4编
801  0 @aCN@bRULIN@c20070522
905    @dTQ086.5@e122@s8
    
    危险化学品事故案例/中国安全生产科学研究院编.-北京:化学工业出版社,2005
    293页;24cm.-(危险化学品安全丛书)
    
    
    ISBN 7-5025-6830-1:CNY35.00
    本书选编了近二十年来国内外不同类型的危险化学品事故典型案例,进行分类整理,按生产使用事故、储存事故、中毒窒息事故、运输事故、其他事故、国外事故汇编成册。
●
相关链接 在E读中查询图书 在五车中查询图书 在当当中查询图书 在豆瓣中查询图书


正题名:危险化学品事故案例     索取号:TQ086.5/122         预约/预借

序号 登录号 条形码 馆藏地/架位号 状态 备注
1 0573873   205738736   第二样本阅览室/ [索取号:TQ086.5/122] 在馆    
2 0573874   205738745   密集书库/ [索取号:TQ086.5/122] 在馆    
3 0573875   205738754   第三借阅区/ [索取号:TQ086.5/122] 在馆    
4 0573876   205738763   第三借阅区/ [索取号:TQ086.5/122] 在馆    
5 0573877   205738772   第三借阅区/ [索取号:TQ086.5/122] 在馆    
6 0573878   205738781   密集书库/ [索取号:TQ086.5/122] 在馆    
7 0573879   205738790   第三借阅区/ [索取号:TQ086.5/122] 在馆    
8 0573880   205738807   密集书库/ [索取号:TQ086.5/122] 在馆    
唐山师范学院图书馆 欢迎您!
大连网信软件有限公司© 版权所有